| 000 | 00381nam a2200169Ia 4500 | ||
|---|---|---|---|
| 003 | 0STCL | ||
| 008 | 150530s9999 xx 000 0 und d | ||
| 040 |
_aSTCL _cSTCL |
||
| 100 | _aCalicut univerasity | ||
| 245 | _aNaveena Kavitha | ||
| 260 |
_bCalicut University _c1986 |
||
| 300 | _a0 | ||
| 546 | _aMalayalam | ||
| 942 |
_2ddc _cBK |
||
| 999 |
_c47020 _d47020 |
||
| 005 | 20220125170718.0 | ||